التفويض الاداري بين الشريقه و القانون / (رقم التسجيلة. 48249)

تفاصيل مارك
000 -الفاتح
عناصر البيانات ثابتة الطول 00891cam a2200229 i 4500
005 - تاريخ ووقت آخر معاملة
حقل ضبط 20251217110712.0
008 - عناصر البيانات ثابتة الطول
عناصر البيانات ثابتة الطول 250721s1992 le gr 000 0 ara d
082 14 - رقم تصنيف ديوي العشري
رقم التصنيف 951/216
100 1# - مدخل رئيسي – اسم شخصي
الاسم الشخصي الثلب، يوسف
علاقة الشخص بالعمل/ دوره مولف.
245 10 - بيان العنوان
العنوان التفويض الاداري بين الشريقه و القانون /
بيان المسؤولية الدكتور يوسف الشلب.
250 ## - بيان الطبعة
بيان الطبعة الطبعه الاولى.
264 31 - بيانات النشر، التوزيع…إلخ
مكان النشر، التوزيع...إلخ طرابلس :
اسم الناشر، الموزع...إلخ كلية الدعؤة الاسلاميةو لجنة الحفاظ على التراثالاسلامي،
تاريخ النشر، التوزيع...إلخ 1992.
300 ## - الوصف المادي
عدد الوحدات المكونة للوعاء 204 صفحه.
490 1# - بيان السلسلة
عنوان السلسلة السلسه التراثيه ؛
رقم الوعاء في السلسلة رقم .6.
650 17 - مدخل إضافي بالموضوع - مصطلح موضوعي
مصطلح موضوعي أو اسم جغرافي كعنصر مدخل الادارة.
650 17 - مدخل إضافي بالموضوع - مصطلح موضوعي
مصطلح موضوعي أو اسم جغرافي كعنصر مدخل التفؤيض الاداري.
650 17 - مدخل إضافي بالموضوع - مصطلح موضوعي
مصطلح موضوعي أو اسم جغرافي كعنصر مدخل الشريعة الاسلامية.
650 17 - مدخل إضافي بالموضوع - مصطلح موضوعي
مصطلح موضوعي أو اسم جغرافي كعنصر مدخل القانون.
830 #0 - مدخل إضافي بالسلسلة-عنوان مقنن
عنوان السلسسلة السلسه التراثيه.
942 ## - بيانات إضافية (كوها)
نوع التنصيف Dewey Decimal Classification
نوع المادة (كوها) كتب
المقتنيات
حالة السحب حالة الفقدان مصدر التصنيف حالة التلف غير قابل للإعارة المكتبة الرئيسية المكتبة الحالية موقع الرف تاريخ التزويد الرقم المتسلسل Total Checkouts رقم الإستدعاء الباركود تاريخ آخر ظهور تاريخ الفاتورة نوع المادة (كوها)
    Dewey Decimal Classification     المكتبة المركزية المكتبة المركزية الإعارة 06/07/2004 203860   951/216 ي و س 203860 28/07/2025 06/07/2004 كتب
Implemented & Customized by: BBB with SCIT (Smart Chains for Information Technology)

Powered by Koha